000 00314nam a22001457a 4500
020 _a978-846-46-976-3
082 _a823
_bSOU/C
100 _aSOUTHGATE, VERA
245 _aCINDRELLA
260 _aUK
_bLADYBIRD
300 _a44
520 _aENGLISH SHORT STORY
650 _aENGLISH SHORT STORY
_zUK
942 _cBK
999 _c4967
_d4967